Avispas, abejas y hormigas: una introducción a las familias de los Himenopteros de Costa Rica (Registro nro. 5975)
[ vista simple ]
| 000 -Cabecera | |
|---|---|
| Campo de control de longitud fija | 00712ata a2200289 4500 |
| 005 - Fecha y hora de la última transacción | |
| Campo de control | 20240726191648.0 |
| 008 - Elementos de longitud fija--Información general | |
| Campo de control de longitud fija | 150526b2002 CR ||||| |||| 00| 0 spa d |
| 020 ## - International Standard Book Number | |
| Número Internacional Estándar del Libro (ISBN) | 9968702692 |
| 041 ## - Idioma | |
| Código de idioma | Español |
| 041 ## - Idioma | |
| Código de idioma | Inglés |
| 082 ## - Clasificación Decimal Dewey | |
| Número de clasificación | 595.79 U26a |
| 100 ## - Entrada principal--Autor personal | |
| Nombre personal | Ugalde, Jesús |
| 9 (RLIN) | 32761 |
| 245 ## - Título propiamente dicho | |
| Título | Avispas, abejas y hormigas: una introducción a las familias de los Himenopteros de Costa Rica |
| 260 ## - Pie de imprenta | |
| Lugar de publicación, distribución, etc. | Costa Rica |
| 260 ## - Pie de imprenta | |
| Nombre del editor, distribuidor, etc. | INBio |
| 260 ## - Pie de imprenta | |
| Fecha de publicación, distribución, etc. | 2002 |
| 300 ## - Descripción física | |
| Extensión | 174 páginas |
| 505 ## - Nota de contenido | |
| Nota de contenido | Incluye ilustraciones |
| 650 ## - Materia general | |
| Temática (materia general) | HYMENOPTERA |
| 650 ## - Materia general | |
| Temática (materia general) | INSECTOS |
| 650 ## - Materia general | |
| Temática (materia general) | ABEJAS |
| 650 ## - Materia general | |
| Temática (materia general) | AVISPAS |
| 650 ## - Materia general | |
| Temática (materia general) | HORMIGAS |
| 650 ## - Materia general | |
| Temática (materia general) | MORFOLOGÍA |
| 942 ## - Punto de acceso adicional KOHA | |
| Tipo de ítem KOHA | Libro |
| Fuente del sistema de clasificación o colocación | Dewey Decimal Classification |
| Signatura completa | Código de barras | Programa Académico | Tipo de ítem |
|---|---|---|---|
| 595.7 U26a | 9722 | Turismo | Libro |
| 595.79 U26a | 13484 | Turismo | Libro |